|
|
|
|
| LEADER |
01000cam a2200253 7i4500 |
| 001 |
0000065235 |
| 005 |
20220104090000.0 |
| 020 |
|
|
|a 9780429460593 (electronic book)
|
| 090 |
0 |
0 |
|a HV6773
|b .H224 2020
|
| 245 |
0 |
4 |
|a The human factor of cybercrime
|c edited by Rutger Leukfeldt and Thomas J. Holt.
|
| 264 |
|
|
|a Abingdon, Oxon:
|b Routledge,
|c 2020.
|
| 300 |
|
|
|a 1 online resource (xvi, 431 pages):
|b text file, PDF.
|
| 336 |
|
|
|a text
|2 rdacontent
|
| 337 |
|
|
|a computer
|2 rdamedia
|
| 338 |
|
|
|a online resource
|2 rdacarrier
|
| 490 |
0 |
|
|a Routledge studies in crime and society
|
| 650 |
|
0 |
|a Computer crimes --
|x Social aspects
|
| 655 |
|
0 |
|a Electronic books
|
| 700 |
1 |
|
|a Leukfeldt, Rutger
|
| 700 |
1 |
|
|a Holt, Thomas J.
|
| 856 |
4 |
2 |
|u http://library.unisel.edu.my/web/guest/mylibrary
|
| 997 |
|
|
|a Communication, Visual Art & Computing, Faculty
|b Computing, Department
|
| 998 |
|
|
|a Computer Science (Network Security and Digital Forensic), Degree
|
| 999 |
|
|
|a EBO0009844
|b EBOOK
|c EBOOK
|e Electronic resources
|